000
00292nam a22001097a 4500
008
160428b xxu||||| |||| 00| 0 eng d
020
_a
002-027991
041
_a
eng
080
_a
618.2
245
_a
Psychiatric mental health nursing:
_c
Noreen Cavan Frisch; Lawrence E. Frisch;
942
_2
udc
_c
BK
999
_c
1642
_d
1642